Geography Quiz

Random Geography or City Quiz

Port City or Not? Italy. Quiz Stats

 Plays Quiz not verified by Sporcle

Challenge
Share
Tweet
Embed
Score 0/26 Timer 04:00
0 Plays Today
City Is it a Port? % Correct
Naples???
98.7%
Palermo???
94.8%
Genoa???
92.2%
Milan???
92.2%
Bologna???
90.9%
Turin???
89.6%
Cagliari???
88.3%
Perugia???
87%
Trento???
85.7%
Trieste???
85.7%
Bergamo???
85.7%
Florence???
84.4%
Bari???
81.8%
City Is it a Port? % Correct
Aosta???
79.2%
La Spezia???
76.6%
Livorno???
74%
Campobasso???
72.7%
Mantova???
72.7%
Trapani???
71.4%
Ancona???
70.1%
Piombino???
66.2%
L'Aquila???
66.2%
Civitavecchia???
63.6%
Potenza???
63.6%
Gioia Tauro???
49.4%
Sassari???
39%

You're not logged in!

Compare scores with friends on all Sporcle quizzes.
Join for Free
OR
Log In

You Might Also Like...

Show Comments

Extras

Created Jul 10, 2015ReportFavoriteNominate
Tags:City Quiz, italy, port, yes

Top Quizzes Today


Score Distribution

Your Account Isn't Verified!

In order to create a playlist on Sporcle, you need to verify the email address you used during registration. Go to your Sporcle Settings to finish the process.

Report this User

Report this user for behavior that violates our Community Guidelines.

Details: